000 00628cam a2200229 i 4500
001 2233222
005 20180103042640.0
008 760609s1976 pau b 000 0 eng
010 _a 76009951
020 _a0916002101 :
_c$2.00
040 _aDLC
_cDLC
_dDLC
041 _aeng
043 _an-us---
080 _a301.56 PAU
082 0 0 _a301.56 PAU
100 1 _a50
101 _aSOC
245 1 0 _aConflicting theories of social and educational change :
_cRolland G. Paulston.
504 _aBibliography: p. 47-62.
906 _a7
_bcbc
_corignew
_d1
_eocip
_f19
_gy-gencatlg
942 _2ddc
_cBK
999 _c39615
_d39615